LEADER 01156nam a2200277 u 4500 001 000000017751 003 CaOOAMICUS 005 20070226110609.0 008 940517s1987 it u000 u ita u 035 $a10413611 040 $aPUL(R)$bita 041 1 $aita$hfre 100 1 $aKristeva, Julia.$0(OLS)http://pul/name/15938 240 10$aAu commencement était l'amour : psychanalyse et foi.$lItaliano.$0(OLS)http://pul/title/25395 245 10$aIn principio era l'amore :$bpsicanalisi e fede /$cJulia Kristeva. 260 $a[Bologna] :$bIl Mulino,$c[1987] 300 $a91 p. ;$c22 cm 490 1 $aIntersezioni (Il Mulino) ;$v36 650 4$aPsicanalisi e religione.$0(OLS)http://pul/subject/7775 830 0$aIntersezioni (Il Mulino) ;$v36.$0(OLS)http://pul/title/12445 850 $aPUL 852 $aPUL$W1$xDP1 Fondo Giannini$y60$m1554 F 6$j25011$nBK-PRI$b $qFondi$B25011$CPULBib$Z2$F25011 $H $81 941 1 $a1 961 $aINV: F.GIANNINI 996 $6245$aIn principio era l'amore :$bpsicanalisi e fede$9(OLS)http://pul/title/25396 996 $6260$a[Bologna] :$bIl Mulino$9(OLS)http://pul/publisher/51012 LEADER 01324nam a2200253 u 4500 001 000000037367 003 CaOOAMICUS 005 20070226113746.0 008 980406s1911 it u000 u ita u 035 $a10789325 040 $aPUL(R)$bita 100 1 $aBernardini, Cino.$0(OLS)http://pul/name/28053 245 13$aLa dimissione degli alienati criminali dal manicomio e gli art. 64, 66 e 69 del Regolamento generale /$cCino Bernardini. 260 $aReggio Emilia :$bSoc. An. fra Lavoranti tipografi,$c1911. 300 $a10 p. ;$c24 cm 490 1 $aRivista sperimentale di Freniatria e medicina legale delle alienazioni mentali ;$v37,IV 504 $aBibliografia in nota. 650 4$aMalattie mentali.$0(OLS)http://pul/subject/6491 830 0$aRivista sperimentale di Freniatria e medicina legale delle alienazioni mentali ;$v37,IV.$0(OLS)http://pul/title/50889 850 $aPUL 852 $aPUL$W1$xDP1 Miscellanee$y10$mMiscell.A.Borettini.95$j51049$nBK-PRI$b $qStampati Miscellanee$B51049$CPULBib$Z2$F51049 $H $81 941 1 $a17 996 $6245$aLa dimissione degli alienati criminali dal manicomio e gli art. 64, 66 e 69 del Regolamento generale$9(OLS)http://pul/title/50888 996 $6260$aReggio Emilia :$bSoc. An. fra Lavoranti tipografi$9(OLS)http://pul/publisher/63282